000 01067nam a2200265 a 4500
001 000026557
005 20240412074009.0
008 140303s1981 dr 000 0 spa d
040 _aDO-SdBNP
_bspa
_cBNPHU
082 _a972.93
_bM671n
100 1 _aMir, Pedro,
_d1913-2000
_97245
245 1 3 _aLa noción de período en la historia dominicana /
_cPedro Mir.
260 _aSanto Domingo :
_bUASD,
_c1981.
300 _a3v. : ;
_c20 cm.
490 1 _aHistoria y sociedad ;
_v44;
490 1 _aPublicaciones de la Universidad Autonoma de Santo Domingo;
_v295;
500 _aIncluye referencias bibliográficas y notas al pie de las páginas
500 _aLa biblioteca posee v.1
504 _aBibliografia : v. 3, p. 801-807.
590 _aInventariado, 2020/YL
651 4 _aRepública Dominicana
_xHistoria
_vENSAYOS, CONFERENCIAS, ETC.
_92203
710 1 _aUniversidad Autónoma de Santo Domingo
_972951
830 0 _aPublicaciones de la Universidad Autonoma de Santo Domingo
_v295
_pHistoria y sociedad
_n44
_953661
910 _aValidado. Control de calidad MFF
999 _c26049
_d26049